Look at the world through women's eyes : (Record no. 3051)
[ view plain ]
| 000 -LEADER | |
|---|---|
| fixed length control field | 006980000a22001690004500 |
| 005 - DATE AND TIME OF LATEST TRANSACTION | |
| control field | 20240605093926.0 |
| 008 - FIXED-LENGTH DATA ELEMENTS--GENERAL INFORMATION | |
| fixed length control field | 230817t1996 ||||| |||| 00| 0 eng d |
| 082 ## - DEWEY DECIMAL CLASSIFICATION NUMBER | |
| Classification number | 305.42 |
| Item number | NON |
| 942 ## - ADDED ENTRY ELEMENTS (KOHA) | |
| Item Type | Books |
| 110 ## - MAIN ENTRY--CORPORATE NAME | |
| Corporate Name | NGO Forum on women |
| 245 ## - TITLE STATEMENT | |
| Title | Look at the world through women's eyes : |
| Sub Title | NGO forum on women = Foro de ONG sobre la mujer = Forum des ONG sur les femmes : Beijing '95 : 30 August-8 September : final report |
| 260 ## - PUBLICATION, DISTRIBUTION, ETC. (IMPRINT) | |
| Name of Publisher | Beijing: |
| Place of Publication | The Forum?, |
| Date of Copyright | 1996 |
| 300 ## - PHYSICAL DESCRIPTION | |
| Extent | 96 p. : ill. ; 28 cm |
| 856 ## - ELECTRONIC LOCATION AND ACCESS | |
| Uniform Resource Identifier | <a href="https://archivio.women.it/wp-content/uploads/sites/5/2023/05/forum_95_final_report_web_OCR.pdf">https://archivio.women.it/wp-content/uploads/sites/5/2023/05/forum_95_final_report_web_OCR.pdf</a> |
| 650 ## - SUBJECT ADDED ENTRY--TOPICAL TERM | |
| Topical Term | Women- Economic conditions- Congresses |
| 650 ## - SUBJECT ADDED ENTRY--TOPICAL TERM | |
| Topical Term | Women- Social conditions |
| Withdrawn status | Lost status | Source of classification or shelving scheme | Damaged status | Not for loan | Permanent location | Current location | Date acquired | Total Checkouts | Full call number | Barcode | Date last seen | Price effective from | Koha item type |
|---|---|---|---|---|---|---|---|---|---|---|---|---|---|
| Dewey Decimal Classification | Resource center, Muslim Women's Research And Action Forum | Resource center, Muslim Women's Research And Action Forum | 2023-08-17 | 305.42 NON | RAF3887 | 2023-08-17 | 2023-08-17 | Reports |

